000 00328nam a2200133Ia 4500
008 221030s9999 xx 000 0 und d
041 _aEnglish
100 _aN. C. S. N. Iyenger
245 0 _aEngineering Mathematics
_cby N. C. S. N. Iyenger, B. Baskaran
260 _c0
650 _aB
700 _aB. Baskaran
942 _cBK
999 _c16466
_d16466